000
00291nam a2200109Ia 4500
008
200302s9999 xx 000 0 und d
100
_a
S. E. Jorgensen & Other
245
_a
Hand Book of Environmental and Ecological Modeling
260
_b
C R C Press Inc.
260
_c
1996
300
_a
672 P.,
999
_c
2150
_d
2150